[Event "Deutsche Ländermeisterschaft 2024"]
[Site "Tübingen GER"]
[Date "2024.10.06"]
[Round "7"]
[White "Ratushnyi, Viktor"]
[Black "Mester, Philipp"]
[Result "0-1"]
[Termination "normal"]
[Board "1.4"]
[WhiteElo "2079"]
[BlackElo "1996"]
[WhiteClock "00:19:45"]
[BlackClock "00:41:30"]
[WhiteTeam "Bayern"]
[BlackTeam "Hessen"]
[PlyCount "120"]
[WhiteFideId "34167293"]
[BlackFideId "34624902"]
[EventCountry "GER"]
[EventRounds "7"]
[EventType "team-swiss"]
[EventDate "2024.10.02"]

1. e4 {[%clk 01:30:59]} e5 {[%clk 01:30:55]} {[%emt 00:00:05]} 2. Nf3 {[%clk
01:31:15]} {[%emt 00:00:14]} Nc6 {[%clk 01:31:21]} {[%emt 00:00:04]} 3. Nc3
{[%clk 01:31:37]} {[%emt 00:00:08]} Nf6 {[%clk 01:31:47]} {[%emt 00:00:05]} 4.
d4 {[%clk 01:32:00]} {[%emt 00:00:07]} exd4 {[%clk 01:32:11]} {[%emt 00:00:06]}
5. Nxd4 {[%clk 01:32:25]} {[%emt 00:00:05]} Nxe4 {[%clk 01:31:38]} {[%emt
00:01:03]} 6. Nxc6 {[%clk 01:27:05]} {[%emt 00:05:50]} Nxc3 {[%clk 01:31:59]}
{[%emt 00:00:08]} 7. Nxd8 {[%clk 01:27:31]} {[%emt 00:00:04]} Nxd1 {[%clk
01:32:24]} {[%emt 00:00:06]} 8. Nxf7 {[%clk 01:27:51]} {[%emt 00:00:09]} Kxf7
{[%clk 01:32:34]} {[%emt 00:00:20]} 9. Bc4+ {[%clk 01:28:08]} {[%emt 00:00:13]}
Kf6 {[%clk 01:32:56]} {[%emt 00:00:08]} 10. Kxd1 {[%clk 01:28:29]} {[%emt
00:00:10]} c6 {[%clk 01:32:35]} {[%emt 00:00:50]} 11. Be3 {[%clk 01:07:31]}
{[%emt 00:21:28]} d5 {[%clk 01:32:22]} {[%emt 00:00:43]} 12. Be2 {[%clk
01:03:02]} {[%emt 00:04:59]} Bd6 {[%clk 01:29:34]} {[%emt 00:03:17]} 13. g4
{[%clk 00:59:16]} {[%emt 00:04:17]} Be6 {[%clk 01:18:38]} {[%emt 00:11:26]} 14.
h4 {[%clk 00:56:36]} {[%emt 00:03:10]} c5 {[%clk 01:14:23]} {[%emt 00:04:45]}
15. c3 {[%clk 00:56:10]} {[%emt 00:00:56]} Rhf8 {[%clk 01:12:38]} {[%emt
00:02:15]} 16. Ke1 {[%clk 00:41:25]} {[%emt 00:15:15]} b6 {[%clk 01:08:53]}
{[%emt 00:04:16]} 17. Rd1 {[%clk 00:39:52]} {[%emt 00:02:03]} Ke7 {[%clk
01:07:43]} {[%emt 00:01:39]} 18. g5 {[%clk 00:28:41]} {[%emt 00:11:42]} Bf4
{[%clk 01:06:19]} {[%emt 00:01:53]} 19. b4 {[%clk 00:22:31]} {[%emt 00:06:42]}
Kd6 {[%clk 01:03:48]} {[%emt 00:02:59]} 20. a3 {[%clk 00:18:59]} {[%emt
00:04:02]} Ke5 {[%clk 01:01:30]} {[%emt 00:02:48]} 21. h5 {[%clk 00:17:49]}
{[%emt 00:01:41]} a5 {[%clk 00:59:17]} {[%emt 00:02:42]} 22. bxc5 {[%clk
00:16:22]} {[%emt 00:01:57]} Bxe3 {[%clk 00:59:36]} {[%emt 00:00:11]} 23. fxe3
{[%clk 00:16:41]} {[%emt 00:00:11]} bxc5 {[%clk 00:59:52]} {[%emt 00:00:14]}
24. Rb1 {[%clk 00:15:03]} {[%emt 00:02:08]} Rab8 {[%clk 00:56:55]} {[%emt
00:03:27]} 25. Kd2 {[%clk 00:14:07]} {[%emt 00:01:27]} h6 {[%clk 00:53:22]}
{[%emt 00:04:02]} 26. g6 {[%clk 00:12:29]} {[%emt 00:02:08]} Bf5 {[%clk
00:51:34]} {[%emt 00:02:18]} 27. Bd3 {[%clk 00:09:17]} {[%emt 00:03:43]} Bxd3
{[%clk 00:46:19]} {[%emt 00:05:45]} 28. Kxd3 {[%clk 00:09:46]} c4+ {[%clk
00:46:16]} {[%emt 00:00:33]} 29. Ke2 {[%clk 00:10:10]} {[%emt 00:00:05]} Rb3
{[%clk 00:46:11]} {[%emt 00:00:35]} 30. Rhf1 {[%clk 00:06:39]} {[%emt
00:04:02]} Rfb8 {[%clk 00:34:58]} {[%emt 00:11:43]} 31. Rbc1 {[%clk 00:06:32]}
{[%emt 00:00:37]} Rb2+ {[%clk 00:25:09]} {[%emt 00:10:19]} 32. Kf3 {[%clk
00:06:46]} {[%emt 00:00:15]} Rh2 {[%clk 00:24:39]} {[%emt 00:01:00]} 33. Rh1
{[%clk 00:04:31]} {[%emt 00:02:45]} Rbb2 {[%clk 00:20:36]} {[%emt 00:04:34]}
34. Rxh2 {[%clk 00:03:10]} {[%emt 00:01:51]} Rxh2 {[%clk 00:20:59]} {[%emt
00:00:07]} 35. Rb1 {[%clk 00:03:18]} {[%emt 00:00:22]} Rxh5 {[%clk 00:21:11]}
{[%emt 00:00:17]} 36. Rb7 {[%clk 00:01:46]} {[%emt 00:02:03]} Rf5+ {[%clk
00:20:43]} {[%emt 00:00:57]} 37. Ke2 {[%clk 00:02:15]} Kf6 {[%clk 00:21:00]}
{[%emt 00:00:14]} 38. Rb6+ {[%clk 00:02:30]} {[%emt 00:00:16]} Kg5 {[%clk
00:21:18]} {[%emt 00:00:10]} 39. Ra6 {[%clk 00:01:34]} {[%emt 00:01:28]} h5
{[%clk 00:21:01]} {[%emt 00:00:47]} 40. Rxa5 {[%clk 00:01:38]} {[%emt
00:00:26]} h4 {[%clk 00:17:29]} {[%emt 00:04:01]} 41. Ra8 {[%clk 00:25:02]}
{[%emt 00:07:06]} Kxg6 {[%clk 00:43:00]} {[%emt 00:04:59]} 42. Rh8 {[%clk
00:24:15]} {[%emt 00:01:16]} Kg5 {[%clk 00:42:07]} {[%emt 00:01:23]} 43. a4
{[%clk 00:24:17]} {[%emt 00:00:28]} Kg4 {[%clk 00:41:40]} {[%emt 00:00:58]} 44.
a5 {[%clk 00:23:02]} {[%emt 00:01:46]} g5 {[%clk 00:40:57]} {[%emt 00:01:11]}
45. a6 {[%clk 00:20:37]} {[%emt 00:02:56]} Rf7 {[%clk 00:41:19]} {[%emt
00:00:08]} 46. Rd8 {[%clk 00:17:15]} {[%emt 00:03:52]} h3 {[%clk 00:39:48]}
{[%emt 00:02:01]} 47. Rxd5 {[%clk 00:17:37]} {[%emt 00:00:08]} h2 {[%clk
00:38:55]} {[%emt 00:01:22]} 48. Rd1 {[%clk 00:18:06]} {[%emt 00:00:02]} Kh3
{[%clk 00:38:37]} {[%emt 00:00:47]} 49. e4 {[%clk 00:17:51]} {[%emt 00:00:47]}
g4 {[%clk 00:38:57]} {[%emt 00:00:10]} 50. e5 {[%clk 00:17:05]} {[%emt
00:01:16]} g3 {[%clk 00:38:54]} {[%emt 00:00:32]} 51. e6 {[%clk 00:16:42]}
{[%emt 00:00:53]} Re7 {[%clk 00:38:48]} {[%emt 00:00:37]} 52. Rd7 {[%clk
00:16:53]} {[%emt 00:00:17]} Rxe6+ {[%clk 00:39:08]} {[%emt 00:00:11]} 53. Kd2
{[%clk 00:17:17]} {[%emt 00:00:06]} h1=Q {[%clk 00:39:16]} {[%emt 00:00:22]}
54. Rh7+ {[%clk 00:17:41]} {[%emt 00:00:07]} Kg2 {[%clk 00:39:36]} {[%emt
00:00:09]} 55. Rxh1 {[%clk 00:18:08]} {[%emt 00:00:03]} Kxh1 {[%clk 00:39:52]}
{[%emt 00:00:14]} 56. a7 {[%clk 00:18:34]} {[%emt 00:00:04]} Ra6 {[%clk
00:40:17]} {[%emt 00:00:06]} 57. Ke2 {[%clk 00:18:46]} {[%emt 00:00:17]} g2
{[%clk 00:40:37]} {[%emt 00:00:10]} 58. a8=Q {[%clk 00:18:58]} {[%emt
00:00:18]} Rxa8 {[%clk 00:41:02]} {[%emt 00:00:05]} 59. Kd2 {[%clk 00:19:21]}
{[%emt 00:00:07]} Re8 {[%clk 00:41:09]} {[%emt 00:00:23]} 60. Kc2 {[%clk
00:19:45]} {[%emt 00:00:05]} Re2+ {[%clk 00:41:30]} {[%emt 00:00:09]} 0-1

[Event "Deutsche Ländermeisterschaft 2024"]
[Site "Tübingen GER"]
[Date "2024.10.06"]
[Round "7"]
[White "Buchholz, Maja Patricia"]
[Black "Bardorz, Jana"]
[Result "1/2-1/2"]
[Termination "normal"]
[Board "1.5"]
[WhiteElo "1968"]
[BlackElo "2069"]
[WhiteClock "00:01:06"]
[BlackClock "00:10:53"]
[WhiteTeam "Hessen"]
[BlackTeam "Bayern"]
[PlyCount "141"]
[WhiteFideId "16200500"]
[BlackFideId "16208897"]
[EventCountry "GER"]
[EventRounds "7"]
[EventType "team-swiss"]
[EventDate "2024.10.02"]

1. c4 {[%clk 01:30:59]} {[%emt 00:00:01]} e5 {[%clk 01:30:41]} {[%emt
00:00:19]} 2. g3 {[%clk 01:31:19]} {[%emt 00:00:09]} Nc6 {[%clk 01:30:52]}
{[%emt 00:00:19]} 3. Nc3 {[%clk 01:31:39]} {[%emt 00:00:10]} Bc5 {[%clk
01:31:01]} {[%emt 00:00:21]} 4. Bg2 {[%clk 01:31:59]} {[%emt 00:00:10]} a6
{[%clk 01:30:57]} {[%emt 00:00:35]} 5. e3 {[%clk 01:32:19]} {[%emt 00:00:10]}
d6 {[%clk 01:31:08]} {[%emt 00:00:18]} 6. Nge2 {[%clk 01:32:35]} {[%emt
00:00:15]} Ba7 {[%clk 01:31:11]} {[%emt 00:00:26]} 7. b3 {[%clk 01:32:24]}
{[%emt 00:00:41]} h5 {[%clk 01:29:56]} {[%emt 00:01:45]} 8. d4 {[%clk
01:32:31]} {[%emt 00:00:24]} h4 {[%clk 01:22:18]} {[%emt 00:08:08]} 9. dxe5
{[%clk 01:31:32]} {[%emt 00:01:29]} Nxe5 {[%clk 01:21:04]} {[%emt 00:01:44]}
10. h3 {[%clk 01:31:24]} {[%emt 00:00:37]} Ne7 {[%clk 01:13:27]} {[%emt
00:08:06]} 11. Bb2 {[%clk 01:28:23]} {[%emt 00:03:32]} Bf5 {[%clk 01:08:52]}
{[%emt 00:05:05]} 12. e4 {[%clk 01:09:32]} {[%emt 00:19:20]} hxg3 {[%clk
01:00:11]} {[%emt 00:09:12]} 13. Nxg3 {[%clk 00:56:13]} {[%emt 00:13:50]} Be6
{[%clk 00:57:44]} {[%emt 00:02:56]} 14. f4 {[%clk 00:49:20]} {[%emt 00:07:23]}
N7g6 {[%clk 00:43:21]} {[%emt 00:14:53]} 15. Bc1 {[%clk 00:29:17]} {[%emt
00:20:34]} Qh4 {[%clk 00:40:10]} {[%emt 00:03:40]} 16. Nce2 {[%clk 00:29:13]}
{[%emt 00:00:34]} Nc6 {[%clk 00:36:22]} {[%emt 00:04:18]} 17. Qd3 {[%clk
00:28:14]} {[%emt 00:01:29]} Nd4 {[%clk 00:26:22]} {[%emt 00:10:30]} 18. Kd1
{[%clk 00:26:41]} {[%emt 00:02:04]} Nxe2 {[%clk 00:23:45]} {[%emt 00:03:07]}
19. Nxe2 {[%clk 00:27:01]} {[%emt 00:00:09]} O-O-O {[%clk 00:22:10]} {[%emt
00:02:05]} 20. Be3 {[%clk 00:20:52]} {[%emt 00:06:39]} Bxe3 {[%clk 00:17:41]}
{[%emt 00:04:59]} 21. Qxe3 {[%clk 00:21:17]} {[%emt 00:00:05]} Qf6 {[%clk
00:17:59]} {[%emt 00:00:12]} 22. Rb1 {[%clk 00:16:12]} {[%emt 00:05:35]} Nh4
{[%clk 00:17:56]} {[%emt 00:00:33]} 23. Bf1 {[%clk 00:16:28]} {[%emt 00:00:14]}
Kb8 {[%clk 00:14:01]} {[%emt 00:04:25]} 24. Kc2 {[%clk 00:14:38]} {[%emt
00:02:20]} Rhe8 {[%clk 00:12:48]} {[%emt 00:01:42]} 25. Nd4 {[%clk 00:11:01]}
{[%emt 00:04:07]} Nf5 {[%clk 00:08:09]} {[%emt 00:05:09]} 26. Nxf5 {[%clk
00:09:13]} {[%emt 00:02:19]} Bxf5 {[%clk 00:08:34]} {[%emt 00:00:06]} 27. Bd3
{[%clk 00:09:22]} {[%emt 00:00:21]} d5 {[%clk 00:08:33]} {[%emt 00:00:31]} 28.
e5 {[%clk 00:03:54]} {[%emt 00:05:57]} Bxd3+ {[%clk 00:08:29]} {[%emt
00:00:34]} 29. Kxd3 {[%clk 00:04:13]} {[%emt 00:00:12]} dxc4+ {[%clk 00:08:14]}
{[%emt 00:00:45]} 30. Kxc4 {[%clk 00:04:42]} Qc6+ {[%clk 00:04:56]} {[%emt
00:03:47]} 31. Kb4 {[%clk 00:05:07]} {[%emt 00:00:05]} Rd5 {[%clk 00:04:36]}
{[%emt 00:00:49]} 32. Rhc1 {[%clk 00:02:38]} {[%emt 00:03:00]} Qb5+ {[%clk
00:03:46]} {[%emt 00:01:20]} 33. Ka3 {[%clk 00:02:58]} {[%emt 00:00:11]} Red8
{[%clk 00:03:12]} {[%emt 00:01:04]} 34. Qc3 {[%clk 00:02:49]} {[%emt 00:00:38]}
Qb6 {[%clk 00:03:12]} {[%emt 00:00:30]} 35. Rc2 {[%clk 00:02:11]} {[%emt
00:01:09]} Rd3 {[%clk 00:01:50]} {[%emt 00:01:52]} 36. Qc4 {[%clk 00:02:33]}
{[%emt 00:00:08]} Qa5+ {[%clk 00:01:09]} {[%emt 00:01:10]} 37. Kb2 {[%clk
00:02:58]} {[%emt 00:00:05]} Rd2 {[%clk 00:01:02]} {[%emt 00:00:37]} 38. Rbc1
{[%clk 00:02:39]} {[%emt 00:00:49]} R8d3 {[%clk 00:00:43]} {[%emt 00:00:48]}
39. h4 {[%clk 00:02:24]} {[%emt 00:00:45]} Rf3 {[%clk 00:00:36]} {[%emt
00:00:38]} 40. h5 {[%clk 00:01:49]} {[%emt 00:01:05]} Rff2 {[%clk 00:00:46]}
{[%emt 00:00:19]} 41. Rxd2 {[%clk 00:26:34]} {[%emt 00:05:46]} Rxd2+ {[%clk
00:30:51]} {[%emt 00:00:25]} 42. Rc2 {[%clk 00:24:00]} {[%emt 00:03:05]} Rxc2+
{[%clk 00:31:08]} {[%emt 00:00:12]} 43. Qxc2 {[%clk 00:24:17]} {[%emt
00:00:13]} Qd5 {[%clk 00:31:26]} {[%emt 00:00:11]} 44. Qf2 {[%clk 00:15:50]}
{[%emt 00:08:57]} Qd1 {[%clk 00:30:27]} {[%emt 00:01:30]} 45. Qh2 {[%clk
00:13:56]} {[%emt 00:02:24]} Qd4+ {[%clk 00:30:34]} {[%emt 00:00:22]} 46. Kc2
{[%clk 00:14:06]} {[%emt 00:00:22]} Qe4+ {[%clk 00:30:19]} {[%emt 00:00:43]}
47. Kc1 {[%clk 00:13:39]} {[%emt 00:00:58]} Qd4 {[%clk 00:28:54]} {[%emt
00:01:55]} 48. Kc2 {[%clk 00:12:30]} {[%emt 00:01:39]} Qe4+ {[%clk 00:29:07]}
{[%emt 00:00:17]} 49. Kc3 {[%clk 00:11:34]} {[%emt 00:01:26]} Qe3+ {[%clk
00:29:04]} {[%emt 00:00:32]} 50. Kb2 {[%clk 00:09:23]} {[%emt 00:02:42]} Qd4+
{[%clk 00:29:14]} {[%emt 00:00:20]} 51. Kb1 {[%clk 00:08:04]} {[%emt 00:01:49]}
Qe4+ {[%clk 00:29:06]} {[%emt 00:00:38]} 52. Kc1 {[%clk 00:07:32]} {[%emt
00:01:03]} Qd4 {[%clk 00:29:15]} {[%emt 00:00:20]} 53. Qd2 {[%clk 00:07:16]}
{[%emt 00:00:46]} Qa1+ {[%clk 00:29:12]} {[%emt 00:00:33]} 54. Kc2 {[%clk
00:07:43]} {[%emt 00:00:04]} Qxa2+ {[%clk 00:29:24]} {[%emt 00:00:17]} 55. Kc3
{[%clk 00:08:03]} {[%emt 00:00:09]} Qa5+ {[%clk 00:28:36]} {[%emt 00:01:19]}
56. b4 {[%clk 00:07:46]} {[%emt 00:00:48]} Qa3+ {[%clk 00:25:58]} {[%emt
00:03:08]} 57. Kc4 {[%clk 00:08:10]} {[%emt 00:00:05]} Qf3 {[%clk 00:25:22]}
{[%emt 00:01:05]} 58. Qd4 {[%clk 00:04:37]} {[%emt 00:04:04]} Qxh5 {[%clk
00:22:45]} {[%emt 00:03:07]} 59. Qd8+ {[%clk 00:04:40]} {[%emt 00:00:27]} Ka7
{[%clk 00:23:09]} {[%emt 00:00:06]} 60. Kc5 {[%clk 00:03:01]} {[%emt 00:02:09]}
Qf3 {[%clk 00:15:22]} {[%emt 00:08:16]} 61. Qxc7 {[%clk 00:02:21]} {[%emt
00:01:11]} Qe3+ {[%clk 00:12:41]} {[%emt 00:03:11]} 62. Kd6 {[%clk 00:02:13]}
{[%emt 00:00:38]} Qxf4 {[%clk 00:11:44]} {[%emt 00:01:27]} 63. Qc5+ {[%clk
00:01:54]} {[%emt 00:00:48]} Kb8 {[%clk 00:11:50]} {[%emt 00:00:25]} 64. Qc7+
{[%clk 00:01:01]} {[%emt 00:01:23]} Ka7 {[%clk 00:12:12]} {[%emt 00:00:07]} 65.
Qc5+ {[%clk 00:00:55]} {[%emt 00:00:37]} Kb8 {[%clk 00:12:37]} {[%emt
00:00:05]} 66. Ke7 {[%clk 00:00:56]} {[%emt 00:00:29]} g5 {[%clk 00:11:19]}
{[%emt 00:01:48]} 67. Qd6+ {[%clk 00:00:49]} {[%emt 00:00:37]} Ka7 {[%clk
00:11:11]} {[%emt 00:00:38]} 68. Qc5+ {[%clk 00:01:01]} {[%emt 00:00:18]} Kb8
{[%clk 00:11:36]} {[%emt 00:00:05]} 69. Kd8 {[%clk 00:00:56]} {[%emt 00:00:35]}
g4 {[%clk 00:10:43]} {[%emt 00:01:22]} 70. Qc7+ {[%clk 00:01:12]} {[%emt
00:00:15]} Ka7 {[%clk 00:10:53]} {[%emt 00:00:21]} 71. Qc5+ {[%clk 00:01:06]}
{[%emt 00:00:35]} 1/2-1/2

[Event "Deutsche Ländermeisterschaft 2024"]
[Site "Tübingen GER"]
[Date "2024.10.06"]
[Round "7"]
[White "Geist, Tim"]
[Black "Stehning, Toni"]
[Result "1/2-1/2"]
[Termination "normal"]
[Board "1.6"]
[WhiteElo "1977"]
[BlackElo "1817"]
[WhiteClock "00:01:08"]
[BlackClock "00:07:38"]
[WhiteTeam "Bayern"]
[BlackTeam "Hessen"]
[PlyCount "72"]
[WhiteFideId "34604324"]
[BlackFideId "34623477"]
[EventCountry "GER"]
[EventRounds "7"]
[EventType "team-swiss"]
[EventDate "2024.10.02"]

1. e4 {[%clk 01:30:58]} {[%emt 00:00:01]} e5 {[%clk 01:30:54]} {[%emt
00:00:06]} 2. Nf3 {[%clk 01:31:26]} {[%emt 00:00:02]} Nc6 {[%clk 01:31:16]}
{[%emt 00:00:08]} 3. d4 {[%clk 01:31:53]} {[%emt 00:00:04]} exd4 {[%clk
01:31:39]} {[%emt 00:00:07]} 4. Bc4 {[%clk 01:32:21]} {[%emt 00:00:01]} Nf6
{[%clk 01:32:01]} {[%emt 00:00:08]} 5. O-O {[%clk 01:32:48]} {[%emt 00:00:03]}
Nxe4 {[%clk 01:32:17]} {[%emt 00:00:15]} 6. Re1 {[%clk 01:33:16]} {[%emt
00:00:02]} d5 {[%clk 01:32:35]} {[%emt 00:00:12]} 7. Bxd5 {[%clk 01:33:42]}
{[%emt 00:00:04]} Qxd5 {[%clk 01:33:00]} {[%emt 00:00:04]} 8. Nc3 {[%clk
01:34:08]} {[%emt 00:00:05]} Qd7 {[%clk 01:33:24]} {[%emt 00:00:06]} 9. Nxe4
{[%clk 01:34:33]} {[%emt 00:00:05]} Be7 {[%clk 01:33:35]} {[%emt 00:00:18]} 10.
Bg5 {[%clk 01:35:00]} {[%emt 00:00:03]} O-O {[%clk 01:33:34]} {[%emt 00:00:31]}
11. Bxe7 {[%clk 01:35:26]} {[%emt 00:00:04]} Qxe7 {[%clk 01:33:56]} {[%emt
00:00:08]} 12. Nxd4 {[%clk 01:35:52]} {[%emt 00:00:05]} Bd7 {[%clk 01:32:20]}
{[%emt 00:02:06]} 13. Nc3 {[%clk 01:35:08]} {[%emt 00:01:13]} Qb4 {[%clk
01:22:12]} {[%emt 00:10:38]} 14. Re4 {[%clk 01:33:37]} {[%emt 00:02:01]} Qd6
{[%clk 01:12:35]} {[%emt 00:10:07]} 15. Qd3 {[%clk 01:23:24]} {[%emt 00:10:43]}
f5 {[%clk 01:06:53]} {[%emt 00:06:13]} 16. Rh4 {[%clk 01:22:08]} {[%emt
00:01:46]} Qf6 {[%clk 01:03:44]} {[%emt 00:03:39]} 17. Qc4+ {[%clk 01:13:14]}
{[%emt 00:09:23]} Kh8 {[%clk 01:04:08]} {[%emt 00:00:07]} 18. Nxc6 {[%clk
01:12:37]} {[%emt 00:01:06]} Bxc6 {[%clk 01:04:32]} {[%emt 00:00:07]} 19. Rh3
{[%clk 00:54:29]} {[%emt 00:18:38]} Rad8 {[%clk 01:02:26]} {[%emt 00:02:36]}
20. Re1 {[%clk 00:25:33]} {[%emt 00:29:25]} Rfe8 {[%clk 01:00:15]} {[%emt
00:02:42]} 21. Rhe3 {[%clk 00:21:55]} {[%emt 00:04:09]} Rxe3 {[%clk 00:53:22]}
{[%emt 00:07:23]} 22. Rxe3 {[%clk 00:22:07]} {[%emt 00:00:18]} h6 {[%clk
00:53:26]} {[%emt 00:00:26]} 23. f3 {[%clk 00:06:46]} {[%emt 00:15:50]} Qd4
{[%clk 00:28:00]} {[%emt 00:25:56]} 24. Qxd4 {[%clk 00:03:31]} {[%emt
00:03:45]} Rxd4 {[%clk 00:28:23]} {[%emt 00:00:06]} 25. Kf2 {[%clk 00:03:36]}
{[%emt 00:00:26]} Kg8 {[%clk 00:27:26]} {[%emt 00:01:27]} 26. Rd3 {[%clk
00:02:23]} {[%emt 00:01:43]} Rxd3 {[%clk 00:27:35]} {[%emt 00:00:21]} 27. cxd3
{[%clk 00:02:53]} Kf7 {[%clk 00:27:56]} {[%emt 00:00:10]} 28. Ke3 {[%clk
00:03:11]} {[%emt 00:00:12]} Ke6 {[%clk 00:28:13]} {[%emt 00:00:12]} 29. b4
{[%clk 00:02:32]} {[%emt 00:01:09]} g5 {[%clk 00:20:07]} {[%emt 00:08:36]} 30.
b5 {[%clk 00:02:16]} {[%emt 00:00:46]} Bd5 {[%clk 00:20:24]} {[%emt 00:00:12]}
31. a4 {[%clk 00:01:34]} {[%emt 00:01:13]} c5 {[%clk 00:09:02]} {[%emt
00:11:52]} 32. bxc6 {[%clk 00:00:50]} {[%emt 00:01:15]} bxc6 {[%clk 00:09:24]}
{[%emt 00:00:07]} 33. g3 {[%clk 00:00:50]} {[%emt 00:00:30]} a5 {[%clk
00:09:18]} {[%emt 00:00:36]} 34. f4 {[%clk 00:01:02]} {[%emt 00:00:18]} g4
{[%clk 00:09:06]} {[%emt 00:00:42]} 35. d4 {[%clk 00:00:47]} {[%emt 00:00:46]}
Kd6 {[%clk 00:08:26]} {[%emt 00:01:10]} 36. Nd1 {[%clk 00:01:08]} {[%emt
00:00:08]} Bb3 {[%clk 00:07:38]} {[%emt 00:01:17]} 1/2-1/2

[Event "Deutsche Ländermeisterschaft 2024"]
[Site "Tübingen GER"]
[Date "2024.10.06"]
[Round "7"]
[White "Bezsonna, Polina"]
[Black "Schwarzfischer, Julia"]
[Result "1-0"]
[Termination "normal"]
[Board "1.7"]
[WhiteElo "1905"]
[BlackElo "1788"]
[WhiteClock "00:04:13"]
[BlackClock "00:11:07"]
[WhiteTeam "Hessen"]
[BlackTeam "Bayern"]
[PlyCount "81"]
[WhiteFideId "14191156"]
[BlackFideId "16268105"]
[EventCountry "GER"]
[EventRounds "7"]
[EventType "team-swiss"]
[EventDate "2024.10.02"]

1. e4 {[%clk 01:30:56]} {[%emt 00:00:04]} c5 {[%clk 01:30:57]} {[%emt
00:00:03]} 2. Nf3 {[%clk 01:31:14]} {[%emt 00:00:12]} e6 {[%clk 01:31:22]}
{[%emt 00:00:05]} 3. b3 {[%clk 01:26:20]} {[%emt 00:05:24]} Nc6 {[%clk
01:28:08]} {[%emt 00:03:45]} 4. Bb2 {[%clk 01:26:26]} {[%emt 00:00:23]} a6
{[%clk 01:25:51]} {[%emt 00:02:47]} 5. c3 {[%clk 01:18:55]} {[%emt 00:08:01]}
Nf6 {[%clk 01:23:44]} {[%emt 00:02:36]} 6. Bd3 {[%clk 01:18:11]} {[%emt
00:01:14]} d5 {[%clk 01:23:17]} {[%emt 00:00:58]} 7. exd5 {[%clk 01:17:58]}
{[%emt 00:00:42]} Qxd5 {[%clk 01:21:17]} {[%emt 00:02:30]} 8. Qe2 {[%clk
01:15:53]} {[%emt 00:02:36]} Qd8 {[%clk 01:18:26]} {[%emt 00:03:21]} 9. O-O
{[%clk 01:15:22]} {[%emt 00:01:00]} Bd6 {[%clk 01:17:04]} {[%emt 00:01:53]} 10.
a4 {[%clk 01:14:02]} {[%emt 00:01:50]} Qc7 {[%clk 01:11:59]} {[%emt 00:05:36]}
11. Na3 {[%clk 01:00:52]} {[%emt 00:13:39]} Ne5 {[%clk 01:10:37]} {[%emt
00:01:51]} 12. Nxe5 {[%clk 01:00:18]} {[%emt 00:01:05]} Bxe5 {[%clk 01:10:59]}
{[%emt 00:00:08]} 13. h3 {[%clk 00:50:12]} {[%emt 00:10:35]} Nd5 {[%clk
01:06:33]} {[%emt 00:04:57]} 14. Nc4 {[%clk 00:48:40]} {[%emt 00:02:02]} Bf6
{[%clk 01:04:03]} {[%emt 00:03:00]} 15. Be4 {[%clk 00:46:28]} {[%emt 00:02:41]}
Nf4 {[%clk 01:01:44]} {[%emt 00:02:49]} 16. Qf3 {[%clk 00:43:58]} {[%emt
00:03:00]} Rb8 {[%clk 01:00:03]} {[%emt 00:02:12]} 17. a5 {[%clk 00:36:10]}
{[%emt 00:08:18]} O-O {[%clk 00:54:36]} {[%emt 00:05:56]} 18. Nb6 {[%clk
00:28:53]} {[%emt 00:07:48]} Ng6 {[%clk 00:51:06]} {[%emt 00:04:00]} 19. Ba3
{[%clk 00:26:59]} {[%emt 00:02:24]} Rd8 {[%clk 00:50:35]} {[%emt 00:01:02]} 20.
Qe3 {[%clk 00:25:39]} {[%emt 00:01:48]} Be7 {[%clk 00:47:12]} {[%emt 00:03:53]}
21. f4 {[%clk 00:16:33]} {[%emt 00:09:37]} Bd6 {[%clk 00:29:32]} {[%emt
00:18:10]} 22. g3 {[%clk 00:12:57]} {[%emt 00:04:05]} f5 {[%clk 00:21:12]}
{[%emt 00:08:50]} 23. Bg2 {[%clk 00:11:22]} {[%emt 00:02:05]} Ne7 {[%clk
00:18:13]} {[%emt 00:03:30]} 24. Rfe1 {[%clk 00:06:02]} {[%emt 00:05:50]} Kf7
{[%clk 00:18:21]} {[%emt 00:00:22]} 25. Nc4 {[%clk 00:03:09]} {[%emt 00:03:23]}
Nc6 {[%clk 00:14:39]} {[%emt 00:04:11]} 26. Bxc5 {[%clk 00:01:42]} {[%emt
00:01:57]} Be7 {[%clk 00:11:52]} {[%emt 00:03:17]} 27. Bb6 {[%clk 00:01:43]}
{[%emt 00:00:30]} Qd7 {[%clk 00:12:03]} {[%emt 00:00:19]} 28. Bxc6 {[%clk
00:02:00]} {[%emt 00:00:12]} bxc6 {[%clk 00:10:50]} {[%emt 00:01:43]} 29. Ne5+
{[%clk 00:02:23]} {[%emt 00:00:07]} Kf8 {[%clk 00:11:00]} {[%emt 00:00:20]} 30.
Nxd7+ {[%clk 00:02:47]} {[%emt 00:00:06]} Rxd7 {[%clk 00:11:14]} {[%emt
00:00:17]} 31. Qxe6 {[%clk 00:02:34]} {[%emt 00:00:43]} Rdb7 {[%clk 00:11:13]}
{[%emt 00:00:31]} 32. Qe3 {[%clk 00:02:33]} {[%emt 00:00:28]} Rd7 {[%clk
00:11:13]} {[%emt 00:00:32]} 33. Bc5 {[%clk 00:02:31]} {[%emt 00:00:32]} Rbb7
{[%clk 00:10:07]} {[%emt 00:01:36]} 34. Bxe7+ {[%clk 00:02:52]} {[%emt
00:00:10]} Rxe7 {[%clk 00:10:32]} {[%emt 00:00:04]} 35. Qc5 {[%clk 00:03:16]}
{[%emt 00:00:06]} Kf7 {[%clk 00:10:41]} {[%emt 00:00:21]} 36. Rxe7+ {[%clk
00:02:56]} {[%emt 00:00:51]} Rxe7 {[%clk 00:11:05]} {[%emt 00:00:05]} 37. Kf2
{[%clk 00:03:14]} {[%emt 00:00:11]} Rd7 {[%clk 00:10:36]} {[%emt 00:01:00]} 38.
d4 {[%clk 00:03:10]} {[%emt 00:00:34]} Re7 {[%clk 00:10:36]} {[%emt 00:00:31]}
39. Re1 {[%clk 00:03:29]} {[%emt 00:00:10]} Be6 {[%clk 00:10:47]} {[%emt
00:00:20]} 40. Qxc6 {[%clk 00:03:54]} {[%emt 00:00:05]} g6 {[%clk 00:11:07]}
{[%emt 00:00:10]} 41. d5 {[%clk 00:04:13]} {[%emt 00:00:11]} 1-0